|
|
|
|
| LEADER |
01142nam a2200301 a 4500 |
| 001 |
39576 |
| 003 |
BD-DhAAL |
| 008 |
220907t1985 enk b 001 0 eng d |
| 999 |
|
|
|c 44220
|d 44220
|
| 010 |
|
|
|a 84026185
|
| 020 |
|
|
|a 0582553814 (pbk.)
|
| 020 |
|
|
|a 9780582553811
|
| 040 |
|
|
|a DLC
|c DLC
|d DLC
|d BD-DhAAL
|
| 050 |
0 |
0 |
|a P53
|b .K725 1985
|
| 082 |
0 |
0 |
|a 407
|2 19
|
| 100 |
1 |
|
|a Krashen, Stephen D.
|9 51320
|
| 245 |
1 |
4 |
|a The input hypothesis :
|b issues and implications /
|c by Stephen D. Krashen.
|
| 260 |
|
|
|a London ;
|a New York :
|b Longman,
|c 1985.
|
| 300 |
|
|
|a viii, 120 pages ;
|c 22 cm.
|
| 504 |
|
|
|a Includes bibliographical references (pages 105-117) and index.
|
| 526 |
|
|
|a ENH
|
| 541 |
|
|
|a Development Book Agency
|e 39576
|
| 650 |
|
0 |
|a Language and languages
|x Study and teaching.
|9 51321
|
| 650 |
|
0 |
|a Second language acquisition.
|9 51322
|
| 650 |
|
0 |
|a English language.
|9 51323
|
| 852 |
|
|
|a Ayesha Abed Library
|c General Stacks
|
| 942 |
|
|
|2 ddc
|c BK
|
| 952 |
|
|
|0 0
|1 0
|2 ddc
|4 0
|6 407_000000000000000_KRA
|7 0
|9 71780
|a BRACUL
|b BRACUL
|c GEN
|d 2022-09-05
|e Development Book Agency
|g 8170.00
|l 0
|o 407 KRA
|p 3010039576
|r 2022-09-05
|t 1
|v 8170.00
|w 2022-09-05
|y BK
|